Statistics for Most Famous LGBT+ Members

Click here to take the quiz!

General Stats

  • This quiz has been taken 22 times
  • The average score is 9 of 24

Answer Stats

Sexuality Celebrity Description % Correct
Homosexual (Gay)Freddie MercuryLead Singer: Queen
90%
Pansexual (Female)Miley CyrusSinger: Wrecking Ball
85%
Homosexual (Lesbian)Ellen DeGeneresActress: The Ellen Show
80%
Homosexual (Lesbian)Jodie FosterActress: The Silence of the Lambs
70%
Homosexual (Gay)Ian McKellenActor: The Lord of the Rings
70%
Transgender (Female)Kaitlyn JennerFormer Olympic Athlete
65%
Bisexual (Female)Megan FoxActress: Transformers
60%
Bisexual (Male)Bille Joe ArmstrongLead Singer: Green Day
50%
Asexual (Male)Isaac NewtonPhysicist: Laws of Motion
50%
Bisexual (Male)Marlon BrandoActor: The Godfather
50%
Homosexual (Gay)Neil Patrick HarrisActor: How I Met Your Mother
50%
Bisexual (Female)Anna PaquinActress: True Blood
35%
Homosexual (Gay)Nathan LaneActor: The Birdcage
30%
Homosexual (Gay)Adam LambertSinger: Whataya Want From Me
30%
Asexual (Male)Nikola TeslaInventor: AC Induction Motor
25%
Bisexual (Female)Drew BarrymoreActress: Scream
20%
Homosexual (Gay)Jesse Tyler FergusonActor: Modern Family
15%
Bisexual (Male)Shane DawsonYoutuber: ___________TV
10%
Asexual (Male)Tim GunnFashion Consultant
10%
Homosexual (Gay)Tyler OakleyYoutuber: ___________
10%
Homosexual (Gay)Connor FrantaYoutuber: ____________
5%
Asexual (Female)Florence NightingaleSocial Reformer
5%
Homosexual (Gay)Clay AikenSinger: Invisible
5%
Homosexual (Lesbian)Kate ClintonComedian/Author
0%

Score Distribution

Percentile by Number Answered

Percent of People with Each Score

Your Score History

You have not taken this quiz